000 00455nam a2200169Ia 4500
003 GCL
008 140319s9999 xx 000 0 eng d
040 _aGCL /
_cGCL
082 0 4 _a320.56
_bE C
100 1 _aERGAN, ZEKI
245 1 0 _aTHE CATHARSIS AND THE HEALING: SOUTH AFRICA IN THE 1990 /
_cERGAN, ZEKI
260 _a[S.N] :
_bJANUS PUBLISHING COMPANY ،
_c1994
300 _a339 P
650 0 4 _aRACISM
650 0 4 _aSOUTH AFRICA
942 _2ddc
_cBK
999 _c11381
_d11381